মওলানা আবদুল হামিদ খান ভাসানীর জীবন ও দর্শন / (Record no. 77868)
[ view plain ]
| 000 -LEADER | |
|---|---|
| fixed length control field | 01940nam a2200301 a 4500 |
| 001 - CONTROL NUMBER | |
| control field | 77868 |
| 003 - CONTROL NUMBER IDENTIFIER | |
| rucl marc code | BD-RjUL |
| 005 - DATE AND TIME OF LATEST TRANSACTION | |
| control field | 20211209083041.0 |
| 008 - FIXED-LENGTH DATA ELEMENTS--GENERAL INFORMATION | |
| fixed length control field | 210202s2000 bg ||||| m||| 00| 0 ben d |
| 035 ## - SYSTEM CONTROL NUMBER | |
| System control number | (BD-RjUL)78094 |
| 040 ## - CATALOGING SOURCE | |
| Original cataloging agency | BD-RjUL |
| Language of cataloging | ben /eng |
| Transcribing agency | BD-RjUL |
| Modifying agency | BD-RjUL |
| 041 ## - LANGUAGE CODE | |
| Language code of text/sound track or separate title | ben |
| 082 ## - DEWEY DECIMAL CLASSIFICATION NUMBER | |
| Classification number | 181.15 |
| Author mark and year | ANM 2000 |
| Edition number | 23 |
| 100 ## - MAIN ENTRY--PERSONAL NAME | |
| Personal name | আনিসুজ্জামান, মো. |
| 9 (RLIN) | 244300 |
| 245 10 - TITLE STATEMENT | |
| Title | মওলানা আবদুল হামিদ খান ভাসানীর জীবন ও দর্শন / |
| Statement of responsibility, etc. | মো. আনিসুজ্জামান ; |
| Linkage | গবেষণা-নির্দেশক : রশীদুল আলম |
| 260 ## - PUBLICATION, DISTRIBUTION, ETC. (IMPRINT) | |
| Place of publication, distribution, etc. | রাজশাহী : |
| Name of publisher, distributor, etc. | দর্শন বিভাগ, রাজশাহী বিশ্ববিদ্যালয়, |
| Date of publication, distribution, etc. | ২০০০ |
| 300 ## - PHYSICAL DESCRIPTION | |
| Pagination | v, ২৬০ পাতা : |
| Illustrations | চিএ ; |
| Size | ২৯ সেমি. |
| 502 ## - DISSERTATION NOTE | |
| Dissertation note | থিসিস (এম. ফিল.) -- দর্শন বিভাগ, রাজশাহী বিশ্ববিদ্যালয়, ২০০০ |
| 504 ## - BIBLIOGRAPHY, ETC. NOTE | |
| Bibliography, etc | গ্রন্থপঞ্জী : পাতা [২৫২]-২৫৯ |
| 600 ## - SUBJECT ADDED ENTRY--PERSONAL NAME | |
| Personal name | ভাসানী, মওলানা আবদুল হামিদ খান, |
| Dates associated with a name | --১৮৮০-১৯৭৬ |
| General subdivision | জীবনী |
| Personal name | Bhasani, Maulana Abdul Hamid Khan, |
| Dates associated with a name | --1880-1976 |
| General subdivision | Biography |
| Personal name | ভাসানী, আবদুল হামিদ খান, |
| Dates associated with a name | --১৮৮০-১৯৭৬ |
| General subdivision | রাজনৈতিক ও সামাজিক মতামত |
| Personal name | Bhashani, Abdul Hamid Khan, |
| Dates associated with a name | --1880-1976 |
| General subdivision | Political and social views. |
| 650 ## - SUBJECT ADDED ENTRY--TOPICAL TERM | |
| Topical term or geographic name as entry element | রাজনীতিবিদ |
| Geographic subdivision | বাংলাদেশ |
| General subdivision | জীবনী |
| Source of heading or term | |
| 9 (RLIN) | 244337 |
| Topical term or geographic name as entry element | Politicians |
| Geographic subdivision | Bangladesh |
| General subdivision | Biography. |
| 9 (RLIN) | 244338 |
| 700 ## - ADDED ENTRY--PERSONAL NAME | |
| Personal name | আলম, রশীদুল, গবেষণা-নির্দেশক |
| 942 ## - ADDED ENTRY ELEMENTS (KOHA) | |
| Source of classification or shelving scheme | Dewey Decimal Classification |
| Koha item type | Theses |
| Lost status | Source of classification or shelving scheme | Damaged status | Not for loan | Collection code | Permanent Location | Current Location | Shelving location | Date acquired | Source of acquisition | Total Checkouts | Full call number | Date last seen | Copy number | Koha item type |
|---|---|---|---|---|---|---|---|---|---|---|---|---|---|---|
| Dewey Decimal Classification | Not For Loan | Theses | Central Library, University of Rajshahi | Central Library, University of Rajshahi | Documentation Section | 01/10/2002 | Controller of Exam., R.U | BTHE 181.15 ANM 2000 | 02/02/2021 | C-1 | Theses |